[Event "Najdorf Memorial B"]
[Site "Warsaw POL"]
[Date "2021.07.14"]
[Round "5.16"]
[White "Bartnik, Michal"]
[Black "Arciszewska, Zuzanna"]
[Result "1-0"]
[WhiteElo "1407"]
[BlackElo "1604"]
[EventDate "2021.07.10"]
[PlyCount "137"]
[LiveChessVersion "1.4.8"]

1.e4 {[%clk 1:30:58]} 1...e5 {[%clk 1:30:52]} 2.Nf3 {[%clk 1:31:23]} 2...Nc6 
{[%clk 1:31:15]} 3.Bc4 {[%clk 1:31:35]} 3...Bc5 {[%clk 1:31:22]} 4.d3 {[%clk
1:31:59]} 4...Nf6 {[%clk 1:31:27]} 5.c3 {[%clk 1:32:22]} 5...d6 {[%clk 1:31:35]} 
6.Nbd2 {[%clk 1:32:30]} 6...a6 {[%clk 1:31:35]} 7.Bb3 {[%clk 1:32:49]} 7...Be6 
{[%clk 1:30:57]} 8.Bc2 {[%clk 1:32:51]} 8...h6 {[%clk 1:31:08]} 9.Nf1 {[%clk
1:33:16]} 9...Ba7 {[%clk 1:30:51]} 10.Ng3 {[%clk 1:33:33]} 10...Qd7 {[%clk
1:30:38]} 11.O-O {[%clk 1:33:30]} 11...O-O {[%clk 1:28:08]} 12.d4 {[%clk
1:33:04]} 12...exd4 {[%clk 1:28:04]} 13.cxd4 {[%clk 1:33:32]} 13...Bg4 {[%clk
1:28:13]} 14.Be3 {[%clk 1:30:50]} 14...Rfe8 {[%clk 1:27:33]} 15.a3 {[%clk
1:30:51]} 15...h5 {[%clk 1:24:03]} 16.d5 {[%clk 1:13:57]} 16...Ne5 {[%clk
1:23:44]} 17.Nxe5 {[%clk 1:10:33]} 17...Rxe5 {[%clk 1:23:53]} 18.Qd2 {[%clk
1:10:56]} 18...Bxe3 {[%clk 1:23:51]} 19.Qxe3 {[%clk 1:08:49]} 19...Nxd5 {[%clk
1:23:11]} 20.Qb3 {[%clk 1:09:14]} 20...Nb6 {[%clk 1:18:35]} 21.f4 {[%clk
1:08:28]} 21...Rb5 {[%clk 1:18:40]} 22.Qc3 {[%clk 1:08:47]} 22...Rc5 {[%clk
1:17:04]} 23.Qd3 {[%clk 1:08:59]} 23...Qb5 {[%clk 1:16:14]} 24.Qxb5 {[%clk
1:08:04]} 24...axb5 {[%clk 1:16:23]} 25.Bb3 {[%clk 1:06:37]} 25...h4 {[%clk
1:16:41]} 26.Nh1 {[%clk 1:06:25]} 26...Nc4 {[%clk 1:16:51]} 27.Nf2 {[%clk
1:04:47]} 27...Nd2 {[%clk 1:15:51]} 28.Nxg4 {[%clk 1:04:19]} 28...Nxb3 {[%clk
1:16:18]} 29.Rad1 {[%clk 1:04:24]} 29...Rc2 {[%clk 1:15:47]} 30.Rf2 {[%clk
1:02:57]} 30...Rc4 {[%clk 1:14:14]} 31.e5 dxe5 {[%clk 1:13:50]} 32.Nxe5 {[%clk
1:03:18]} 32...Rd4 {[%clk 1:13:51]} 33.Rxd4 {[%clk 1:00:46]} 33...Nxd4 {[%clk
1:14:19]} 34.Rd2 {[%clk 1:01:14]} 34...Rd8 {[%clk 1:14:21]} 35.Kf2 {[%clk
0:59:50]} 35...Ne6 {[%clk 1:11:06]} 36.Rxd8+ {[%clk 0:59:24]} 36...Nxd8 37.Nf3 
{[%clk 0:59:47]} 37...f6 {[%clk 1:11:21]} 38.Nxh4 {[%clk 0:59:57]} 38...Kf7 
{[%clk 1:11:50]} 39.Ke3 {[%clk 1:00:20]} 39...Nc6 {[%clk 1:11:40]} 40.Nf3 
{[%clk 1:29:55]} 40...Na5 {[%clk 1:41:22]} 41.Kd3 {[%clk 1:28:32]} 41...Nc4 
{[%clk 1:41:02]} 42.Kc3 {[%clk 1:28:12]} 42...Ne3 {[%clk 1:40:58]} 43.g3 {[%clk
1:27:34]} 43...c5 {[%clk 1:41:23]} 44.Kd3 {[%clk 1:26:34]} 44...Nc4 {[%clk
1:40:07]} 45.Kc3 {[%clk 1:26:34]} 45...Nb6 {[%clk 1:36:06]} 46.f5 {[%clk
1:24:27]} 46...Nd5+ {[%clk 1:36:25]} 47.Kd3 {[%clk 1:24:48]} 47...Ke7 {[%clk
1:34:43]} 48.Nd2 {[%clk 1:24:02]} 48...b6 {[%clk 1:34:49]} 49.Ke4 {[%clk
1:23:49]} 49...Kd6 {[%clk 1:35:18]} 50.g4 {[%clk 1:23:39]} 50...Ne7 {[%clk
1:34:16]} 51.h4 {[%clk 1:23:32]} 51...Nd5 {[%clk 1:32:19]} 52.g5 {[%clk
1:22:52]} 52...Kc6 {[%clk 1:30:25]} 53.Nf1 {[%clk 1:22:42]} 53...fxg5 {[%clk
1:29:06]} 54.hxg5 {[%clk 1:22:43]} 54...Kd6 {[%clk 1:29:26]} 55.Ng3 {[%clk
1:22:47]} 55...Ne7 {[%clk 1:28:32]} 56.g6 {[%clk 1:21:51]} 56...Ng8 {[%clk
1:26:53]} 57.Nh5 {[%clk 1:21:32]} 57...Ke7 {[%clk 1:27:09]} 58.Ke5 {[%clk
1:18:42]} 58...Kf8 {[%clk 1:27:29]} 59.Nf4 {[%clk 1:04:48]} 59...Ne7 {[%clk
1:27:08]} 60.Nd5 {[%clk 1:01:23]} 60...Nc6+ {[%clk 1:15:24]} 61.Ke4 {[%clk
1:01:34]} 61...Nd4 {[%clk 1:12:46]} 62.Nxb6 {[%clk 1:01:20]} 62...Ke7 {[%clk
1:13:11]} 63.Nd5+ {[%clk 1:01:44]} 63...Kd6 {[%clk 1:13:23]} 64.Nf4 {[%clk
0:59:48]} 64...Ke7 65.Nh5 {[%clk 0:59:59]} 65...Kf8 {[%clk 1:13:35]} 66.Kd5 
{[%clk 0:58:46]} 66...Nb3 {[%clk 1:13:52]} 67.Nf4 {[%clk 0:58:47]} 67...c4 
{[%clk 1:14:02]} 68.Ne6+ {[%clk 0:58:47]} 68...Kg8 {[%clk 1:14:30]} 69.Nc7 
{[%clk 0:59:07]} 1-0

[Event "Najdorf Memorial B"]
[Site "Warsaw POL"]
[Date "2021.07.14"]
[Round "5.17"]
[White "Marczuk, Wojciech"]
[Black "Kaczmarek, Tomasz"]
[Result "0-1"]
[WhiteElo "1310"]
[BlackElo "1586"]
[EventDate "2021.07.10"]
[PlyCount "88"]
[LiveChessVersion "1.4.8"]

1.e4 {[%clk 1:30:56]} 1...c5 {[%clk 1:30:59]} 2.d4 {[%clk 1:31:20]} 2...cxd4 
{[%clk 1:31:22]} 3.c3 {[%clk 1:31:37]} 3...e5 {[%clk 1:31:16]} 4.Nf3 {[%clk
1:30:50]} 4...Nc6 {[%clk 1:31:42]} 5.cxd4 {[%clk 1:30:34]} 5...exd4 {[%clk
1:32:01]} 6.Nxd4 {[%clk 1:30:38]} 6...Nf6 {[%clk 1:31:41]} 7.Nc3 {[%clk
1:30:14]} 7...Bb4 {[%clk 1:21:49]} 8.Nxc6 {[%clk 1:19:52]} 8...bxc6 {[%clk
1:22:13]} 9.Bg5 {[%clk 1:16:17]} 9...O-O {[%clk 1:15:34]} 10.Bd3 {[%clk
0:56:55]} 10...h6 {[%clk 1:08:44]} 11.Bh4 {[%clk 0:39:59]} 11...g5 {[%clk
0:53:38]} 12.Bg3 {[%clk 0:40:12]} 12...Re8 {[%clk 0:52:39]} 13.e5 {[%clk
0:31:43]} 13...d6 {[%clk 0:44:14]} 14.O-O {[%clk 0:31:39]} 14...dxe5 {[%clk
0:31:36]} 15.Bxe5 {[%clk 0:31:14]} 15...Bb7 {[%clk 0:30:47]} 16.Bxf6 {[%clk
0:25:05]} 16...Qxf6 {[%clk 0:31:16]} 17.Ne4 {[%clk 0:25:17]} 17...Qd4 {[%clk
0:26:07]} 18.Nxg5 {[%clk 0:21:21]} 18...Rad8 {[%clk 0:25:37]} 19.Nxf7 {[%clk
0:09:53]} 19...Kxf7 {[%clk 0:24:38]} 20.Qh5+ {[%clk 0:10:06]} 20...Kg8 {[%clk
0:23:56]} 21.Rad1 {[%clk 0:06:56]} 21...Qg7 {[%clk 0:22:58]} 22.Bc4+ {[%clk
0:02:02]} 22...Kh8 {[%clk 0:23:23]} 23.a3 {[%clk 0:01:53]} 23...Bf8 {[%clk
0:17:46]} 24.Rxd8 {[%clk 0:01:23]} 24...Rxd8 {[%clk 0:18:14]} 25.Rd1 {[%clk
0:01:10]} 25...c5 {[%clk 0:16:14]} 26.Bd5 {[%clk 0:00:35]} 26...Bxd5 {[%clk
0:14:12]} 27.Rxd5 {[%clk 0:00:57]} 27...Rxd5 {[%clk 0:14:04]} 28.Qxd5 {[%clk
0:01:25]} 28...Qxb2 {[%clk 0:14:07]} 29.g3 {[%clk 0:01:35]} 29...Qd4 {[%clk
0:12:54]} 30.Qf7 {[%clk 0:01:11]} 30...Bg7 {[%clk 0:09:46]} 31.Qxa7 {[%clk
0:00:52]} 31...Qd1+ {[%clk 0:10:12]} 32.Kg2 {[%clk 0:01:12]} 32...Qd5+ {[%clk
0:10:35]} 33.Kg1 {[%clk 0:01:12]} 33...c4 {[%clk 0:10:30]} 34.a4 {[%clk
0:01:14]} 34...Qd3 {[%clk 0:06:39]} 35.Qb8+ {[%clk 0:00:40]} 35...Kh7 {[%clk
0:07:03]} 36.Qb5 {[%clk 0:01:00]} 36...Qe4 {[%clk 0:06:31]} 37.Qb4 {[%clk
0:00:54]} 37...Qc6 {[%clk 0:04:11]} 38.Qb1+ {[%clk 0:00:56]} 38...Kg8 {[%clk
0:04:31]} 39.Qb8+ {[%clk 0:01:03]} 39...Bf8 {[%clk 0:04:58]} 40.a5 {[%clk
0:00:49]} 40...c3 {[%clk 0:05:05]} 41.a6 {[%clk 0:00:45]} 41...c2 {[%clk
0:04:34]} 42.Qb3+ {[%clk 0:01:01]} 42...Kh8 {[%clk 0:03:01]} 43.Qb2+ {[%clk
0:01:21]} 43...Kh7 {[%clk 0:03:06]} 44.Qc1 {[%clk 0:01:15]} 44...Ba3 {[%clk
0:03:26]} 0-1

[Event "Najdorf Memorial B"]
[Site "Warsaw POL"]
[Date "2021.07.14"]
[Round "5.18"]
[White "Jaroszuk, Marcin"]
[Black "Jozwik, Michal"]
[Result "0-1"]
[WhiteElo "1571"]
[BlackElo "1435"]
[EventDate "2021.07.10"]
[PlyCount "120"]
[LiveChessVersion "1.4.8"]

1.Nf3 {[%clk 1:30:52]} 1...d5 {[%clk 1:30:43]} 2.g3 {[%clk 1:31:14]} 2...Nc6 
{[%clk 1:30:51]} 3.d4 {[%clk 1:31:33]} 3...Bf5 {[%clk 1:31:09]} 4.Bg2 {[%clk
1:31:44]} 4...Qd7 {[%clk 1:31:22]} 5.O-O {[%clk 1:31:39]} 5...O-O-O {[%clk
1:31:36]} 6.b4 {[%clk 1:27:57]} 6...Nxb4 {[%clk 1:18:23]} 7.Ne5 {[%clk 1:27:28]} 
7...Qe6 {[%clk 1:18:41]} 8.c4 {[%clk 1:21:23]} 8...f6 {[%clk 1:14:53]} 9.Nd3 
{[%clk 1:16:08]} 9...Nxd3 {[%clk 1:10:59]} 10.exd3 {[%clk 1:15:37]} 10...dxc4 
{[%clk 1:11:04]} 11.dxc4 {[%clk 1:05:19]} 11...c6 {[%clk 0:58:42]} 12.Qa4 
{[%clk 0:58:48]} 12...Kb8 {[%clk 0:47:28]} 13.Bf4+ {[%clk 0:57:14]} 13...Ka8 
{[%clk 0:47:56]} 14.Bc7 {[%clk 0:48:49]} 14...Rc8 {[%clk 0:44:46]} 15.Bb6 
{[%clk 0:48:11]} 15...a6 {[%clk 0:45:14]} 16.Nc3 {[%clk 0:46:10]} 16...Bd3 
{[%clk 0:39:20]} 17.d5 {[%clk 0:38:21]} 17...cxd5 {[%clk 0:39:45]} 18.Nxd5 
{[%clk 0:38:37]} 18...Kb8 {[%clk 0:39:07]} 19.Rfc1 {[%clk 0:32:37]} 19...Qc6 
{[%clk 0:36:35]} 20.Qxc6 {[%clk 0:26:27]} 20...Rxc6 {[%clk 0:35:49]} 21.c5 
{[%clk 0:25:59]} 21...Bg6 {[%clk 0:32:40]} 22.Rd1 {[%clk 0:23:23]} 22...e5 
{[%clk 0:26:52]} 23.Nb4 Rc8 {[%clk 0:26:53]} 24.Rd7 {[%clk 0:20:36]} 24...e4 
{[%clk 0:26:48]} 25.Nxa6+ {[%clk 0:11:54]} 25...bxa6 {[%clk 0:25:56]} 26.Rb1 
{[%clk 0:11:25]} 26...Bf5 {[%clk 0:23:44]} 27.Rd4 {[%clk 0:03:43]} 27...Ne7 
{[%clk 0:21:34]} 28.Ba5+ {[%clk 0:01:55]} 28...Ka7 {[%clk 0:18:33]} 29.Bb6+ 
{[%clk 0:01:42]} 29...Kb7 {[%clk 0:17:36]} 30.Bd8+ {[%clk 0:01:37]} 30...Kc6 
{[%clk 0:14:32]} 31.Rb6+ {[%clk 0:00:49]} 31...Kxc5 {[%clk 0:15:00]} 32.Rbd6 
{[%clk 0:00:51]} 32...Rc6 {[%clk 0:14:52]} 33.Bxe7 {[%clk 0:00:41]} 33...Rxd6 
{[%clk 0:15:13]} 34.Rxd6 {[%clk 0:00:34]} 34...Bxe7 {[%clk 0:15:41]} 35.Rxa6 
{[%clk 0:00:51]} 35...Kd5 {[%clk 0:14:35]} 36.Ra5+ {[%clk 0:00:44]} 36...Bc5 
{[%clk 0:14:09]} 37.h4 {[%clk 0:00:34]} 37...Rb8 {[%clk 0:13:32]} 38.Ra4 {[%clk
0:00:35]} 38...Rb1+ {[%clk 0:13:28]} 39.Kh2 {[%clk 0:00:57]} 39...h5 {[%clk
0:13:02]} 40.Ra5 {[%clk 0:00:44]} 40...Rb2 {[%clk 0:12:00]} 41.Kg1 {[%clk
0:00:55]} 41...Kc4 {[%clk 0:11:42]} 42.Bf1+ {[%clk 0:00:47]} 42...Kd5 {[%clk
0:12:04]} 43.Bg2 {[%clk 0:00:41]} 43...Kc6 {[%clk 0:11:47]} 44.a4 {[%clk
0:00:33]} 44...Kb6 {[%clk 0:11:42]} 45.Rb5+ {[%clk 0:00:39]} 45...Rxb5 {[%clk
0:12:10]} 46.axb5 {[%clk 0:01:02]} 46...Kxb5 {[%clk 0:12:35]} 47.Bf1+ {[%clk
0:01:13]} 47...Kc6 {[%clk 0:13:03]} 48.Bc4 {[%clk 0:01:18]} 48...Kd6 {[%clk
0:13:21]} 49.Kg2 {[%clk 0:01:25]} 49...Bg4 {[%clk 0:13:15]} 50.Bf7 {[%clk
0:01:30]} 50...Ke5 {[%clk 0:13:32]} 51.Be8 {[%clk 0:01:14]} 51...Bf3+ {[%clk
0:13:51]} 52.Kf1 {[%clk 0:01:23]} 52...e3 {[%clk 0:14:14]} 53.fxe3 {[%clk
0:01:38]} 53...Bxe3 {[%clk 0:14:36]} 54.Bg6 {[%clk 0:01:35]} 54...f5 {[%clk
0:14:39]} 55.Be8 {[%clk 0:01:27]} 55...f4 {[%clk 0:15:01]} 56.Bd7 {[%clk
0:01:04]} 56...fxg3 {[%clk 0:15:19]} 57.Bh3 {[%clk 0:01:14]} 57...Kf4 {[%clk
0:15:33]} 58.Bg2 {[%clk 0:01:03]} 58...Bxg2+ {[%clk 0:15:54]} 59.Kxg2 {[%clk
0:01:12]} 59...Kg4 {[%clk 0:16:13]} 60.Kh1 {[%clk 0:01:11]} 60...Kxh4 {[%clk
0:16:37]} 0-1

[Event "Najdorf Memorial B"]
[Site "Warsaw POL"]
[Date "2021.07.13"]
[Round "5.19"]
[White "Grzywocz, Wojciech"]
[Black "Zimochocki, Roman"]
[Result "1-0"]
[WhiteElo "1276"]
[BlackElo "1535"]
[EventDate "2021.07.10"]
[PlyCount "55"]
[BlackTitle "I"]
[WhiteTitle "II"]

1.e4 c6 2.d4 d5 3.Nc3 e6 4.Bd3 dxe4 5.Nxe4 Qxd4 6.Nf3 Qd8 7.Bf4 Nf6 8.Nxf6+ 
gxf6 9.Qd2 Bg7 10.O-O-O e5 11.Bh6 Bxh6 12.Qxh6 Qe7 13.Qg7 Rf8 14.Nh4 Be6 15.Nf5 
Bxf5 16.Bxf5 c5 17.Rhe1 c4 18.f4 Nc6 19.Bd7+ Qxd7 20.Rxd7 Kxd7 21.Qxf6 Rae8 
22.fxe5 Re6 23.Qf4 b5 24.h4 h6 25.Rd1+ Ke7 26.Rd6 c3 27.bxc3 Na5 28.Qb4 1-0

[Event "Najdorf Memorial B"]
[Site "Warsaw POL"]
[Date "2021.07.13"]
[Round "5.20"]
[White "Stefaniuk, Zbigniew"]
[Black "Obrycki, Tomasz"]
[Result "1/2-1/2"]
[WhiteElo "1525"]
[BlackElo "1404"]
[EventDate "2021.07.10"]
[PlyCount "60"]
[BlackTitle "II"]
[WhiteTitle "II+"]

1.d4 Nf6 2.c4 g6 3.Nc3 Bg7 4.e4 d6 5.f3 O-O 6.Be3 c6 7.Nge2 Qc7 8.Qd2 e5 
9.O-O-O Nbd7 10.Kb1 Ne8 11.h4 Nb6 12.Ng3 f5 13.exf5 gxf5 14.f4 e4 15.h5 h6 
16.d5 c5 17.Be2 Bd7 18.Qc2 Nc8 19.Bc1 a6 20.b3 Rb8 21.Bb2 b5 22.Rc1 Qb7 23.Nf1 
bxc4 24.Bxc4 Nb6 25.Be2 Kh8 26.Ne3 Nf6 27.Rcd1 Nc8 28.Rc1 a5 29.Ka1 Ne7 30.Rcd1 
Rfe8 1/2-1/2

[Event "Najdorf Memorial B"]
[Site "Warsaw POL"]
[Date "2021.07.13"]
[Round "5.21"]
[White "Zborowski, Jan"]
[Black "Rog, Mateusz"]
[Result "0-1"]
[WhiteElo "1082"]
[BlackElo "1523"]
[EventDate "2021.07.10"]
[PlyCount "64"]
[BlackTitle "I"]
[WhiteTitle "III"]

1.g3 Nf6 2.Bg2 d5 3.Nc3 c6 4.d3 e5 5.Nf3 Qc7 6.b3 Qa5 7.Bd2 Bb4 8.Nb1 e4 9.Bxb4 
Qxb4+ 10.c3 Qe7 11.dxe4 dxe4 12.Nd4 e3 13.f3 h5 14.Qd3 h4 15.Nf5 Bxf5 16.Qxf5 
hxg3 17.Qc8+ Qd8 18.Qxd8+ Kxd8 19.hxg3 Rxh1+ 20.Bxh1 Nh5 21.g4 Nf4 22.Na3 Kc7 
23.O-O-O Nxe2+ 24.Kc2 Nf4 25.g5 e2 26.Re1 Nd7 27.Nc4 Re8 28.b4 Ne5 29.Ne3 Ned3 
30.Rxe2 Nxe2 31.Kxd3 Nf4+ 32.Kd2 Rh8 0-1

[Event "Najdorf Memorial B"]
[Site "Warsaw POL"]
[Date "2021.07.13"]
[Round "5.23"]
[White "Kozak, Jan"]
[Black "Dahche, Abdel-azziz"]
[Result "1-0"]
[WhiteElo "1285"]
[BlackElo "1709"]
[EventDate "2021.07.10"]
[PlyCount "123"]
[BlackTitle "II"]
[WhiteTitle "II"]

1.f4 e5 2.fxe5 d6 3.exd6 Bxd6 4.Nf3 g5 5.g3 Bd7 6.d4 g4 7.Nh4 Bc6 8.Bg2 Bxg2 
9.Nxg2 Nc6 10.e4 Nxd4 11.Nd2 Qd7 12.c3 Nc6 13.Nc4 O-O-O 14.Nxd6+ cxd6 15.Bf4 
Qe6 16.O-O h5 17.Qd5 Nge7 18.Qxe6+ fxe6 19.Rad1 Kc7 20.Bg5 Rdf8 21.Bxe7 Nxe7 
22.Rxf8 Rxf8 23.Nf4 Kd7 24.Nxh5 Ng6 25.Rf1 Rxf1+ 26.Kxf1 Ke7 27.Nf4 Nf8 28.Ke2 
Kf6 29.Ke3 Nd7 30.Nd3 Kg5 31.Kd4 b6 32.b4 b5 33.e5 d5 34.Nc5 Nf8 35.Nb7 Nd7 
36.Nd6 a6 37.Nb7 Kf5 38.Nd6+ Kg5 39.a3 Kg6 40.Nb7 Kf5 41.Nc5 Nxe5 42.Nxa6 Nc4 
43.Nc7 Nxa3 44.Kc5 e5 45.Kxd5 e4 46.Ne6 Nb1 47.Nd4+ Kg5 48.Kxe4 Nxc3+ 49.Kd3 
Nd5 50.Nc2 Kf5 51.Kd4 Nc7 52.Ne3+ Kg5 53.Ke5 Ne8 54.Nd5 Ng7 55.Ne3 Ne8 56.Kd5 
Nc7+ 57.Kc6 Ne6 58.Kxb5 Nd4+ 59.Kc4 Nf3 60.b5 Nxh2 61.b6 Nf3 62.Kd5 1-0

[Event "Najdorf Memorial B"]
[Site "Warsaw POL"]
[Date "2021.07.13"]
[Round "5.24"]
[White "Daniel, Zbigniew"]
[Black "Jaskulski, Jan"]
[Result "0-1"]
[WhiteElo "1403"]
[BlackElo "1723"]
[EventDate "2021.07.10"]
[PlyCount "63"]
[BlackTitle "I"]
[WhiteTitle "II"]

1.c4 c5 2.Nc3 Nf6 3.g3 d5 4.cxd5 Nxd5 5.Bg2 Nc7 6.e3 e5 7.Nge2 Be7 8.O-O O-O 
9.f4 exf4 10.Nxf4 Nc6 11.d3 Ne5 12.d4 Bg4 13.Qd2 cxd4 14.exd4 Nc6 15.h3 Bf5 
16.Nfd5 Bg6 17.Nxe7+ Qxe7 18.d5 Rad8 19.Qe3 Ne5 20.Qxa7 Ne8 21.Bf4 Nd3 22.Qb6 
Nd6 23.Nb5 Nxf4 24.Rxf4 Nf5 25.Qf2 Rfe8 26.Rxf5 Bxf5 27.Qxf5 Qc5+ 28.Qf2 Qxb5 
29.Rf1 f6 30.Bf3 Qb3 31.Qd4 Re3 32.Kg2 0-1

[Event "Najdorf Memorial B"]
[Site "Warsaw POL"]
[Date "2021.07.13"]
[Round "5.25"]
[White "Krygiel, Konrad"]
[Black "Wasylewski, Marcin"]
[Result "0-1"]
[WhiteElo "1694"]
[BlackElo "1400"]
[EventDate "2021.07.10"]
[PlyCount "88"]
[BlackTitle "II"]
[WhiteTitle "I"]

1.e4 c5 2.Nf3 d6 3.Bb5+ Bd7 4.Bxd7+ Nxd7 5.O-O g6 6.d4 Bg7 7.c3 Ngf6 8.Re1 cxd4 
9.cxd4 e5 10.Nc3 O-O 11.h3 a6 12.dxe5 Nxe5 13.Nxe5 dxe5 14.Bg5 Qa5 15.Bxf6 Bxf6 
16.Nd5 Bg5 17.Qg4 Qd8 18.Rad1 h5 19.Qg3 Re8 20.Qb3 b5 21.Rd3 Qa5 22.Red1 Red8 
23.a3 Rab8 24.Rg3 Bh6 25.Rf3 Rf8 26.Nf6+ Kg7 27.Nd7 Rbd8 28.Nxf8 Rxd1+ 29.Qxd1 
Kxf8 30.Qd6+ Kg8 31.b4 Qa4 32.Qxe5 Qd1+ 33.Kh2 Bf8 34.Qd5 Bd6+ 35.Rg3 Qxd5 
36.exd5 h4 37.Kg1 hxg3 38.fxg3 Bxg3 39.Kf1 Be5 40.Ke2 Bb2 41.d6 Kf8 42.Kd3 Bxa3 
43.Ke4 Bxb4 44.Kd5 Bxd6 0-1

[Event "Najdorf Memorial B"]
[Site "Warsaw POL"]
[Date "2021.07.13"]
[Round "5.26"]
[White "Wnuk, Piotr"]
[Black "Trybula, Agata"]
[Result "1-0"]
[WhiteElo "1256"]
[BlackElo "1634"]
[EventDate "2021.07.10"]
[PlyCount "103"]
[BlackTitle "I++"]
[WhiteTitle "II"]

1.b4 e5 2.a3 Nf6 3.Bb2 d6 4.c4 Nbd7 5.e3 c5 6.Nf3 g6 7.d4 Qe7 8.Be2 Bg7 9.Nc3 
O-O 10.O-O a5 11.bxc5 dxc5 12.Re1 Rd8 13.Qc2 cxd4 14.exd4 exd4 15.Nxd4 Ne5 
16.Ndb5 Bf5 17.Qb3 Rd2 18.Bc1 Rdd8 19.Bf4 Ne4 20.Nd5 Qf8 21.Nbc7 Nc5 22.Qb5 Bd7 
23.Qb6 Rac8 24.Nf6+ Bxf6 25.Qxf6 Ned3 26.Nd5 Re8 27.Bxd3 Nxd3 28.Ne7+ Rxe7 
29.Rxe7 Nxf4 30.Rxd7 Qe8 31.Rad1 Nh5 32.Qd4 h6 33.Rd8 Rxd8 34.Qxd8 Qxd8 
35.Rxd8+ Kg7 36.Rb8 Nf4 37.Rxb7 Nd3 38.Rb5 a4 39.Ra5 Nb2 40.c5 Kf8 41.Ra7 Ke8 
42.c6 h5 43.h4 Kd8 44.Rxf7 Nc4 45.Ra7 Ne5 46.Rxa4 Nxc6 47.Ra6 Kc7 48.Rxc6+ Kxc6 
49.Kh2 Kb5 50.Kg3 Ka4 51.Kf4 Kxa3 52.Kg5 1-0

[Event "Najdorf Memorial B"]
[Site "Warsaw POL"]
[Date "2021.07.15"]
[Round "6.1"]
[White "Malowidzki, Maciej"]
[Black "Smetek, Michal"]
[Result "0-1"]
[WhiteElo "1415"]
[BlackElo "1315"]
[EventDate "????.??.??"]
[PlyCount "68"]
[LiveChessVersion "1.4.8"]

1.c4 {[%clk 1:30:58]} 1...e5 {[%clk 1:30:54]} 2.g3 {[%clk 1:31:26]} 2...Nc6 
{[%clk 1:31:14]} 3.Bg2 {[%clk 1:31:54]} 3...g6 {[%clk 1:31:40]} 4.Nc3 {[%clk
1:32:02]} 4...Bg7 {[%clk 1:32:02]} 5.e3 {[%clk 1:32:29]} 5...d6 {[%clk 1:32:05]} 
6.Nge2 {[%clk 1:32:50]} 6...h5 {[%clk 1:32:20]} 7.h4 {[%clk 1:32:21]} 7...Bg4 
{[%clk 1:32:06]} 8.d3 {[%clk 1:28:35]} 8...Nf6 {[%clk 1:30:55]} 9.b4 {[%clk
1:28:28]} 9...a6 {[%clk 1:19:45]} 10.Rb1 {[%clk 1:27:05]} 10...O-O {[%clk
1:19:41]} 11.O-O {[%clk 1:27:23]} 11...Qc8 {[%clk 1:19:32]} 12.b5 {[%clk
1:16:29]} 12...axb5 {[%clk 1:19:25]} 13.Rxb5 {[%clk 1:16:51]} 13...Bh3 {[%clk
1:18:59]} 14.d4 {[%clk 1:12:27]} 14...Bxg2 {[%clk 1:18:29]} 15.Kxg2 {[%clk
1:10:11]} 15...exd4 {[%clk 1:16:56]} 16.exd4 {[%clk 1:10:03]} 16...Re8 {[%clk
1:16:04]} 17.Bf4 {[%clk 1:07:08]} 17...Ne4 {[%clk 1:13:29]} 18.Be3 {[%clk
0:55:25]} 18...Nxc3 {[%clk 1:10:43]} 19.Nxc3 {[%clk 0:55:52]} 19...Ne7 {[%clk
1:10:45]} 20.f3 {[%clk 0:52:35]} 20...Nf5 {[%clk 1:09:13]} 21.Bf2 {[%clk
0:53:03]} 21...b6 {[%clk 1:06:57]} 22.Qd3 {[%clk 0:42:08]} 22...Qd7 {[%clk
0:57:53]} 23.Rbb1 {[%clk 0:39:48]} 23...Re6 {[%clk 0:50:08]} 24.Rfe1 {[%clk
0:36:48]} 24...Rxe1 {[%clk 0:47:35]} 25.Rxe1 {[%clk 0:36:58]} 25...c5 {[%clk
0:42:33]} 26.dxc5 {[%clk 0:22:23]} 26...Bxc3 {[%clk 0:35:05]} 27.Qxc3 {[%clk
0:22:37]} 27...dxc5 {[%clk 0:35:18]} 28.Re2 {[%clk 0:21:40]} 28...Rd8 {[%clk
0:30:15]} 29.Rb2 {[%clk 0:17:58]} 29...Qc6 {[%clk 0:29:28]} 30.Rd2 {[%clk
0:17:23]} 30...Re8 {[%clk 0:26:41]} 31.Rd3 {[%clk 0:15:36]} 31...Qe6 {[%clk
0:26:23]} 32.a4 {[%clk 0:11:00]} 32...Qe2 {[%clk 0:26:23]} 33.Rd2 {[%clk
0:10:22]} 33...Ne3+ {[%clk 0:26:26]} 34.Kh1 {[%clk 0:10:40]} 34...Qxf3+ {[%clk
0:26:35]} 0-1

[Event "Najdorf Memorial B"]
[Site "Warsaw POL"]
[Date "2021.07.15"]
[Round "6.2"]
[White "Wieckowski, Michal"]
[Black "Panczuk, Grzegorz"]
[Result "1-0"]
[WhiteElo "1614"]
[BlackElo "1721"]
[EventDate "????.??.??"]
[PlyCount "83"]
[LiveChessVersion "1.4.8"]

1.b3 {[%clk 1:30:58]} 1...e5 {[%clk 1:28:44]} 2.Bb2 {[%clk 1:31:26]} 2...Nc6 
{[%clk 1:29:08]} 3.e3 {[%clk 1:31:49]} 3...d5 {[%clk 1:23:17]} 4.Bb5 {[%clk
1:31:48]} 4...Bd6 {[%clk 1:23:14]} 5.Ne2 {[%clk 1:28:38]} 5...a6 {[%clk
1:21:38]} 6.Bxc6+ {[%clk 1:28:50]} 6...bxc6 {[%clk 1:22:03]} 7.O-O {[%clk
1:28:52]} 7...Nf6 {[%clk 1:19:42]} 8.f4 {[%clk 1:28:37]} 8...Qe7 {[%clk
1:16:57]} 9.Nbc3 {[%clk 1:21:38]} 9...O-O {[%clk 1:12:11]} 10.Qe1 {[%clk
1:19:48]} 10...a5 {[%clk 1:06:29]} 11.Qh4 {[%clk 1:06:01]} 11...Ba6 {[%clk
0:52:40]} 12.Rf3 {[%clk 1:01:47]} 12...Ne4 {[%clk 0:40:28]} 13.Qxe7 {[%clk
1:00:18]} 13...Bxe7 {[%clk 0:38:03]} 14.d3 {[%clk 0:50:31]} 14...Nxc3 {[%clk
0:36:50]} 15.Bxc3 {[%clk 0:50:29]} 15...e4 {[%clk 0:36:37]} 16.Rg3 {[%clk
0:50:51]} 16...f6 {[%clk 0:35:31]} 17.Nd4 {[%clk 0:51:06]} 17...Bb4 {[%clk
0:29:14]} 18.Bxb4 {[%clk 0:47:49]} 18...axb4 {[%clk 0:29:39]} 19.dxe4 {[%clk
0:48:05]} 19...dxe4 {[%clk 0:27:08]} 20.Ne6 {[%clk 0:39:39]} 20...Rf7 {[%clk
0:27:11]} 21.Rd1 {[%clk 0:37:48]} 21...f5 {[%clk 0:21:30]} 22.h4 {[%clk
0:28:10]} 22...g6 {[%clk 0:18:59]} 23.Rd4 {[%clk 0:25:51]} 23...Re7 {[%clk
0:15:45]} 24.Nc5 {[%clk 0:25:29]} 24...Be2 {[%clk 0:15:49]} 25.Na4 {[%clk
0:18:30]} 25...c5 {[%clk 0:11:19]} 26.Rd5 {[%clk 0:15:58]} 26...Ra5 {[%clk
0:08:42]} 27.Rxf5 {[%clk 0:13:06]} 27...Rd7 {[%clk 0:08:56]} 28.h5 {[%clk
0:12:27]} 28...Rd1+ {[%clk 0:09:14]} 29.Kh2 {[%clk 0:12:30]} 29...Kg7 {[%clk
0:07:25]} 30.hxg6 {[%clk 0:12:14]} 30...hxg6 {[%clk 0:07:49]} 31.Rfg5 {[%clk
0:12:27]} 31...Rd6 {[%clk 0:06:13]} 32.f5 {[%clk 0:12:25]} 32...Raa6 {[%clk
0:05:02]} 33.Nxc5 {[%clk 0:11:31]} 33...Rxa2 {[%clk 0:05:26]} 34.Nxe4 {[%clk
0:11:49]} 34...Rc6 {[%clk 0:04:49]} 35.f6+ {[%clk 0:11:54]} 35...Kf7 {[%clk
0:05:15]} 36.Rxg6 {[%clk 0:12:03]} 36...Rcxc2 {[%clk 0:04:24]} 37.Rg7+ {[%clk
0:12:24]} 37...Ke6 {[%clk 0:04:49]} 38.Re7+ {[%clk 0:12:34]} 38...Kd5 {[%clk
0:05:08]} 39.f7 {[%clk 0:11:47]} 39...Bf1 {[%clk 0:05:03]} 40.f8=Q {[%clk
0:11:31]} 40...Rxg2+ {[%clk 0:05:24]} 41.Rxg2 {[%clk 0:11:53]} 41...Rxg2+ 
{[%clk 0:05:50]} 42.Kh1 {[%clk 0:12:16]} 1-0